Memorias de un hijo del siglo / (Record no. 131490)

MARC details
000 -LEADER
campo de control de longitud fija 00563nam a2200169 4500
001 - NÚMERO DE CONTROL
campo de control 131490
003 - IDENTIFICADOR DE NÚMERO DE CONTROL
campo de control ES-MaACL
005 - FECHA Y HORA DE LA ÚLTIMA TRANSACCIÓN
campo de control 20230906194006.0
007 - CAMPO FIJO DE DESCRIPCIÓN FÍSICA--INFORMACIÓN GENERAL
campo de control de longitud fija t|
008 - DATOS DE LONGITUD FIJA--INFORMACIÓN GENERAL
campo de control de longitud fija 070214s1988 sp r ||||1| spa d
100 1# - ENTRADA PRINCIPAL--NOMBRE DE PERSONA
Nombre de persona Rodríguez Doreste, Juan.
9 (RLIN) 98498
245 10 - MENCIÓN DEL TÍTULO
Título Memorias de un hijo del siglo /
Mención de responsabilidad, etc. Juan Rodríguez Doreste.
260 ## - PUBLICACIÓN, DISTRIBUCIÓN, ETC.
Lugar de publicación, distribución, etc. Las Palmas de Gran Canaria :
Nombre del editor, distribuidor, etc. Caja Insular de Ahorros de Canarias,
Fecha de publicación, distribución, etc. 1988.
300 ## - DESCRIPCIÓN FÍSICA
Extensión 364 p., 12 h. de lám. ;
Dimensiones 24 cm.
710 2# - ENTRADA AGREGADA--NOMBRE DE ENTIDAD CORPORATIVA
Nombre de entidad corporativa o nombre de jurisdicción como elemento de entrada Caja Insular de Ahorros de Canarias.
9 (RLIN) 2335
852 ## - LOCALIZACIÓN
Ubicación ES-MaACL
Número de control de estantería L-12295
Sublocalización o colección R.115476
Holdings
Estatus retirado Estado de pérdida Estado de daño No para préstamo Biblioteca de origen Biblioteca actual Ubicación en estantería Fecha de adquisición Fuente de adquisición Total de préstamos Signatura topográfica completa Código de barras Visto por última vez Precio de reemplazo Tipo de ítem Koha
        Biblioteca del Ateneo de Madrid Biblioteca del Ateneo de Madrid Depósito 2 17/01/2008     L-12295 1136889 23/02/2023 23/02/2023 Libro impreso